000 00318nam a2200133Ia 4500
003 OSt
005 20230803102420.0
008 170524s9999 xx 000 0 und d
040 _cIIMT UNIVERSITY
100 _aSINGHAL- VIJAY KR.
245 0 _aRAPIDEX COMPUTER COURSE
260 _bDELHI: PUSTAK MAHAL
942 _2ddc
_c02
999 _c9502
_d9502